More than a buzzword (Record no. 82122)

MARC details
000 -LEADER
fixed length control field 01035cab a22002055a 4500
001 - CONTROL NUMBER
control field L149304
008 - FIXED-LENGTH DATA ELEMENTS--GENERAL INFORMATION
fixed length control field e2010 xxk 000 0 eng d
035 ## - SYSTEM CONTROL NUMBER
System control number (Sirsi) u149304
041 0# - LANGUAGE CODE
Language code of text/sound track or separate title eng
100 1# - MAIN ENTRY--PERSONAL NAME
Personal name Curran, Nick
245 00 - TITLE STATEMENT
Title More than a buzzword
Remainder of title open book accounting and successful partnerships
Medium [electronic resource]
260 ## - PUBLICATION, DISTRIBUTION, ETC.
Date of publication, distribution, etc. 2010
490 ## - SERIES STATEMENT
Series statement Construction Journal
Volume/sequential designation Feb-Mar 2010, 24-26(3)
520 ## - SUMMARY, ETC.
Summary, etc. Open Book Accounting (OBA) has not been adequately defined but this doesn't stop it from being used as a buzzword by many in the industry. Its adoption and implementation is the most fundamental aspect in the success or failure of cost reimbursable, target price or any other contracts that rely on the contractor's actual costs to calculate how much it should be paid.
590 ## - LOCAL NOTE (RLIN)
Local note KA
651 #4 - SUBJECT ADDED ENTRY--GEOGRAPHIC NAME
Geographic name United Kingdom
Chronological subdivision
690 ## - LOCAL SUBJECT ADDED ENTRY--TOPICAL TERM (OCLC, RLIN)
Topical term or geographic name as entry element Procurement
9 (RLIN) 6260
856 48 - ELECTRONIC LOCATION AND ACCESS
Uniform Resource Identifier <a href="https://www.rics.org/site/download_feed.aspx?fileID=5762&fileExtension=PDF">https://www.rics.org/site/download_feed.aspx?fileID=5762&fileExtension=PDF</a>
Public note View this item (member-only access) at www.rics.org
942 ## - ADDED ENTRY ELEMENTS (KOHA)
Suppress in OPAC 0
Holdings
Withdrawn status Lost status Source of classification or shelving scheme Damaged status Not for loan Home library Current library Shelving location Date acquired Total Checkouts Full call number Barcode Date last seen Copy number Price effective from Koha item type
    Dewey Decimal Classification     Virtual Virtual Online 18/02/2010   ONLINE PUBLICATION 149304-2001 06/08/2019 1 06/08/2019 Journal article